000 00680nam a2200289Ia 4500
005 20260324130018.0
008 008 260324s9999 xx 000 0 eng d
020 _a9780203086018
037 _aEBOOK
040 _aCRL
040 _beng
040 _cCRL
041 _2eng
041 _aeng
084 _qCRL
100 _aCraig Johnson
_91180186
245 0 _aArresting Development
245 4 _bThe power of knowledge for social change
260 _bTaylor and Francis
260 _c2008
365 _a
365 _b255
856 _uhttp://www.taylorfrancis.com/books/9780203086018
942 _cEBOOK
999 _c1775931
_d1775931